65 math problems (addition with 3 digit number + 2 digit number) - Statistics

General Stats
  • This quiz has been taken 64 times
  • The average score is 37 of 65
Answer Stats
Hint Answer % Correct
360+50 410
100%
852+64 916
94%
852+70 922
94%
324+94 418
91%
410+41 451
91%
520+66 586
91%
520+66 586
91%
411+96 507
88%
621+74 695
88%
740+98 838
88%
852+47 899
88%
930+93 1023
85%
410+68 478
85%
963+41 1004
82%
562+55 617
82%
582+95 677
82%
458+37 495
74%
416+85 501
71%
210+65 275
68%
741+52 793
65%
741+62 803
65%
851+45 896
65%
871+25 896
65%
964+24 988
65%
112+67 179
62%
112+75 187
59%
852+37 889
59%
896+67 963
59%
961+45 1006
56%
895+62 957
56%
586+10 596
53%
672+84 756
53%
985+34 1019
50%
956+95 1051
50%
984+67 1051
50%
240+29 269
50%
290+24 314
50%
657+66 723
50%
930+41 971
50%
520+52 572
47%
814+55 869
47%
128+75 203
44%
410+93 503
38%
458+67 525
38%
660+66 726
38%
741+47 788
38%
785+25 810
38%
964+11 975
38%
956+93 1049
35%
971+84 1055
35%
561+45 606
35%
785+42 827
35%
952+63 1015
32%
972+97 1069
32%
785+62 847
32%
785+75 860
32%
256+85 341
29%
468+46 514
29%
632+89 721
29%
952+95 1047
26%
987+66 1053
26%
468+95 563
26%
785+78 863
26%
872+87 959
26%
895+89 984
26%
No matching quizzes found
Score Distribution
Percent of People with Each Score
Percentile by Number Answered
Your Score History
You have not taken this quiz